Sú naše potraviny bezpečné?
Princípy bezpečnosti potravín EÚ. Geneticky modifikované organizmy, výhody a riziká. Legislatíva v oblasti GMO. Označovanie biopotravín.
Uložené v:
| Hlavný autor: | |
|---|---|
| Médium: | Kapitola |
| Jazyk: | Slovak |
| Predmet: | |
| Tagy: |
Žiadne tagy, Buďte prvý, kto otaguje tento záznam!
|
MARC
| LEADER | 00000naa a2200000 4500 | ||
|---|---|---|---|
| 001 | 0145501 | ||
| 005 | 20240502072624.1 | ||
| 041 | 0 | |a slo | |
| 044 | |a SK | ||
| 245 | 1 | 0 | |a Sú naše potraviny bezpečné? |c Marína Korčoková |
| 520 | |a Princípy bezpečnosti potravín EÚ. Geneticky modifikované organizmy, výhody a riziká. Legislatíva v oblasti GMO. Označovanie biopotravín. | ||
| 610 | 2 | 0 | |a bezpečnosť potravinová |
| 610 | 2 | 0 | |a Európska únia |
| 610 | 2 | 0 | |a potraviny modifikované geneticky |
| 610 | 2 | 0 | |a dozor potravinový |
| 100 | 1 | |a Korčoková, Marína, 1970- | |